000 00755nam a2200193 i 4500
001 106959
003 ES-MaACL
005 20250903020534.0
007 t|
008 061121s1949 sp a |||| | spa d
100 1 _aMoreno Torres, Antonio.
_983437
245 1 0 _aProblemas de matemática especial
_b: (soluciones a los problemas propuestos en los exámenes de ingreso en la Escuela Especial de Ingenieros de Caminos, Canales y Puertos) /
_cAntonio Moreno Torres.
260 _aMadrid :
_bDossat,
_c1949.
300 _aXXIII, 490 p. :
_bil. ;
_c25 cm.
650 0 4 _aMatemáticas-
_vProblemas
_914830
710 2 _aEscuela Especial de Ingenieros de Caminos, Canales y Puertos (Madrid)
_9170634
852 _aES-MaACL
_jD-6623
999 _c106959
_d106959